Manual de nutrición

Salvato in:
Dettagli Bibliografici
Autore principale: Buss, D (Autore)
Natura: Libro
Lingua:spagnolo
Pubblicazione: Zaragoza Acribia 1987
Edizione:9a. ed
Soggetti:
Tags: Aggiungi Tag
Nessun Tag, puoi essere il primo ad aggiungerne!!

MARC

LEADER 00000nam a2200000 a 4500
001 UCX7886
003 CL-VaPUC
008 940111e19870000SP |||||||||||||||||spa|d
082 0 4 |a 612.3  |b BUS  |2 21 
100 0 |a Buss, D  |e author  |9 324839 
245 1 0 |a Manual de nutrición 
250 |a 9a. ed 
300 |a 154 p 
942 |c BK 
945 |d 19940111 00:00:00  |a mfernand 
260 |a Zaragoza  |b Acribia  |c 1987 
650 7 |a NUTRICION MANUALES  |2 CL-VaPUC  |9 324840 
583 |a last modification  |c 19940111 00:00:00  |k Rodrigo Vera 
999 |c 227564  |d 227562 
952 |0 0  |1 0  |4 0  |6 612_300000000000000_BUS_1987  |7 0  |8 A  |9 226675  |a BIBALI  |b BIBALI  |c GEN  |d 2019-11-15  |i 2957795  |o 612.3 BUS 1987  |p 2957795  |r 2025-01-20  |w 2019-11-15  |y BK  |k ALI